[Event "Sandnes CC-ch B"]
[Site "Sandnes"]
[Date "2017.03.28"]
[Round "5"]
[White "Oftedal, Stein"]
[Black "Larsen, Roald B"]
[Result "1-0"]
[WhiteElo "1602"]
[BlackElo "1644"]
[PlyCount "51"]
[EventDate "2017.02.07"]
[EventType "swiss"]
[EventRounds "7"]
[EventCountry "NOR"]
[SourceTitle "EXT 2024"]
[Source "ChessBase"]
[SourceDate "2023.10.10"]
[SourceVersion "1"]
[SourceVersionDate "2023.10.10"]
[SourceQuality "1"]

1. f4 e5 2. fxe5 d6 3. exd6 Bxd6 4. Nf3 Nf6 5. d3 Ng4 6. Bg5 f6 7. Bh4 Ne3 8. Qc1 Bf4 9. Nbd2 Nc6 10. c3 Bf5 11. Bf2 Ng4 12. g3 Nxf2 13. Kxf2 Bh6 14. e4 Bg4 15. Qc2 Qe7 16. Re1 0-0-0 17. d4 Rhe8 18. Bd3 g6 19. h3 Bxd2 20. Qxd2 Bxf3 21. Kxf3 Qd6 22. Kg2 Nxd4 23. cxd4 Qxd4 24. Re3 f5 25. Rhe1 fxe4 26. Qc3 1-0

[Event "Sandnes CC-ch B"]
[Site "Sandnes"]
[Date "2017.02.07"]
[Round "1"]
[White "Oftedal, Stein"]
[Black "Nordmark, Oddvar"]
[Result "1-0"]
[WhiteElo "1602"]
[BlackElo "1420"]
[PlyCount "85"]
[EventDate "2017.02.07"]
[EventType "swiss"]
[EventRounds "7"]
[EventCountry "NOR"]
[SourceTitle "EXT 2024"]
[Source "ChessBase"]
[SourceDate "2023.10.10"]
[SourceVersion "1"]
[SourceVersionDate "2023.10.10"]
[SourceQuality "1"]

1. f4 d6 2. Nf3 Nc6 3. e3 e5 4. fxe5 dxe5 5. Nc3 Nf6 6. Be2 a6 7. 0-0 Bc5 8. Ng5 b5 9. Bf3 Bb7 10. Nce4 Nxe4 11. Nxe4 Be7 12. b3 0-0 13. Bb2 f5 14. Nf2 e4 15. Be2 Bf6 16. Bxf6 Qxf6 17. Nxe4 Qe7 18. Ng3 Qe6 19. Bf3 Rab8 20. Qe2 Ne5 21. Bxb7 Rxb7 22. Rf4 c5 23. Raf1 Rbf7 24. e4 Ng6 25. Rxf5 Rxf5 26. Rxf5 Rxf5 27. exf5 Qxe2 28. Nxe2 Nh4 29. Ng3 Kf7 30. Ne4 Nxf5 31. Nxc5 a5 32. Kf2 Nd4 33. c3 Nc6 34. Ke3 Ke7 35. Ke4 Kd6 36. d4 b4 37. c4 g6 38. Nd3 Ne7 39. g4 g5 40. Ne5 Ke6 41. d5+ Kf6 42. d6 Nc8 43. c5 1-0

[Event "Sandnes CC-ch C"]
[Site "Sandnes"]
[Date "2016.??.??"]
[Round "6"]
[White "Oftedal, Stein"]
[Black "Jakobsen, Oskar Feed"]
[Result "0-1"]
[WhiteElo "1572"]
[BlackElo "1535"]
[PlyCount "28"]
[EventDate "2016.02.02"]
[EventType "tourn"]
[EventRounds "7"]
[EventCountry "NOR"]
[SourceTitle "EXT 2024"]
[Source "ChessBase"]
[SourceDate "2023.10.10"]
[SourceVersion "1"]
[SourceVersionDate "2023.10.10"]
[SourceQuality "1"]

1. e4 c5 2. Nf3 g6 3. d4 cxd4 4. Qxd4 Nf6 5. e5 Nc6 6. Qa4 Nd5 7. Qe4 Nb6 8. Bf4 Bg7 9. c3 0-0 10. Bd3 Re8 11. 0-0 d6 12. Re1 dxe5 13. Be3 Bf5 14. Bxb6 axb6 0-1

[Event "Sandnes CC-ch C"]
[Site "Sandnes"]
[Date "2016.??.??"]
[Round "2"]
[White "Shehzad, Shazil Khan"]
[Black "Oftedal, Stein"]
[Result "1-0"]
[WhiteElo "1510"]
[BlackElo "1572"]
[PlyCount "41"]
[EventDate "2016.02.02"]
[EventType "tourn"]
[EventRounds "7"]
[EventCountry "NOR"]
[SourceTitle "EXT 2024"]
[Source "ChessBase"]
[SourceDate "2023.10.10"]
[SourceVersion "1"]
[SourceVersionDate "2023.10.10"]
[SourceQuality "1"]

1. e4 c6 2. d4 d5 3. e5 Bf5 4. Nf3 e6 5. Be2 c5 6. Be3 Qb6 7. Nc3 Qxb2 8. Qb1 Qxb1+ 9. Rxb1 c4 10. Rxb7 Bxc2 11. Kd2 Bg6 12. Nh4 Ne7 13. Nb5 Na6 14. Nd6+ Kd8 15. Nxg6 fxg6 16. Rhb1 Rg8 17. Bg4 Nf5 18. Bg5+ Be7 19. Bxe7+ Nxe7 20. Bxe6 Rf8 21. Rd7# 1-0

[Event "Sandnes CC-ch"]
[Site "Sandnes"]
[Date "2015.02.03"]
[Round "1"]
[White "Hansen, Odd Rune"]
[Black "Oftedal, Stein"]
[Result "0-1"]
[WhiteElo "836"]
[BlackElo "1260"]
[PlyCount "68"]
[EventDate "2015.02.03"]
[EventType "swiss"]
[EventRounds "7"]
[EventCountry "NOR"]
[SourceTitle "EXT 2017"]
[Source "ChessBase"]
[SourceDate "2016.10.25"]
[SourceVersion "1"]
[SourceVersionDate "2016.10.25"]
[SourceQuality "1"]

1. d4 e6 2. e3 f5 3. Bd3 Nf6 4. c3 b6 5. h3 Bb7 6. Nf3 Be7 7. 0-0 0-0 8. Nbd2 c5 9. Ne5 d6 10. Nec4 Ba6 11. b3 Bb7 12. f4 Qe8 13. Qe2 Qg6 14. Rf2 Nh5 15. g4 Bh4 16. Nxd6 Ng3 17. Nxb7 Nxe2+ 18. Rxe2 Qf7 19. Nd6 Qd7 20. N6c4 fxg4 21. hxg4 Be7 22. Nf3 Nc6 23. Rh2 g6 24. Bd2 cxd4 25. Nxd4 Nxd4 26. cxd4 Bf6 27. Bc3 Rac8 28. Rc1 b5 29. Ne5 Bxe5 30. fxe5 Rf3 31. Bd2 Rxc1+ 32. Bxc1 Rg3+ 33. Rg2 Rxg2+ 34. Kxg2 Qc6+ 0-1

[Event "Sandnes Hast op"]
[Site "Sandnes"]
[Date "2014.09.02"]
[Round "3"]
[White "Oftedal, Stein"]
[Black "Myrheim, Hakon Abeland"]
[Result "1-0"]
[WhiteElo "1274"]
[BlackElo "1004"]
[PlyCount "71"]
[EventDate "2014.09.02"]
[EventType "swiss"]
[EventRounds "7"]
[EventCountry "NOR"]
[SourceTitle "EXT 2017"]
[Source "ChessBase"]
[SourceDate "2016.10.25"]
[SourceVersion "1"]
[SourceVersionDate "2016.10.25"]
[SourceQuality "1"]

1. e4 c5 2. Nf3 Nc6 3. d4 cxd4 4. Nxd4 g6 5. c4 Bg7 6. Be3 Nf6 7. Nc3 0-0 8. Be2 e6 9. Ndb5 a6 10. Nd6 Ne8 11. Nxc8 Rxc8 12. Qd2 Ne5 13. b3 d5 14. Rd1 b5 15. f4 b4 16. fxe5 bxc3 17. Qxc3 Nd6 18. exd5 exd5 19. Rxd5 Re8 20. 0-0 Qe7 21. exd6 Qxe3+ 22. Qxe3 Rxe3 23. d7 Rd8 24. Kf2 Re7 25. Rfd1 Bb2 26. c5 Re6 27. Rd6 Rxd6 28. Rxd6 Ba3 29. Rd5 Bc1 30. g3 Kf8 31. c6 Ke7 32. Bxa6 Ke6 33. Rd1 Ba3 34. c7 Bc5+ 35. Kf3 Rxd7 36. c8Q 1-0

[Event "Sandnes CC-ch"]
[Site "Sandnes"]
[Date "2014.02.04"]
[Round "4"]
[White "Dahle, Harald M"]
[Black "Oftedal, Stein"]
[Result "1-0"]
[WhiteElo "1050"]
[BlackElo "1308"]
[PlyCount "65"]
[EventDate "2014.02.04"]
[EventType "swiss"]
[EventRounds "7"]
[EventCountry "NOR"]
[SourceTitle "EXT 2017"]
[Source "ChessBase"]
[SourceDate "2016.10.25"]
[SourceVersion "1"]
[SourceVersionDate "2016.10.25"]
[SourceQuality "1"]

1. e4 c6 2. d4 d5 3. exd5 cxd5 4. Nf3 Bf5 5. Bd3 Bxd3 6. Qxd3 e6 7. Nc3 Nc6 8. a3 g6 9. Qb5 Qc7 10. Bd2 Bg7 11. Qd3 Nge7 12. Bg5 Nf5 13. Nb5 Qb6 14. Bf4 0-0 15. Bc7 Qa6 16. c3 Rac8 17. Bf4 Ncxd4 18. cxd4 Nxd4 19. Nfxd4 Bxd4 20. Qxd4 Qxb5 21. Bh6 f6 22. Bxf8 Rxf8 23. Rc1 b6 24. Qd2 e5 25. Qe2 Qd7 26. 0-0 d4 27. Qe4 Qb5 28. Qc2 Kg7 29. f4 d3 30. Qc4 Qxb2 31. Qxd3 e4 32. Rc7+ Kh8 33. Qd7 1-0